Representaciones sobre conjuntos convexos compactos /

Guardado en:
Autor Principal: Bauer, Heinz, 1928-
Autor Corporativo: Instituto de Matemática. INMABB. UNS. CONICET.
Formato: Libro
Idioma:Spanish
Publicado: Bahía Blanca : Instituto de Matemática, Universidad Nacional del Sur, 1970 [i.e. 1971].
Series:Notas de álgebra y análisis (Instituto de Matemática, Universidad Nacional del Sur) ; 3.
Materias:
Acceso en línea:Texto escaneado (PDF)
Etiquetas: Agregar Etiqueta
Sin Etiquetas, Sea el primero en etiquetar este registro!
LEADER 00804nam a2200181 a 4500
001 MAT.inmabb006422
008 930818s1971####ag#a##########000#0#spa#d
005 20151030105523.0
245 1 0 |a Representaciones sobre conjuntos convexos compactos /  |c Heinz Bauer. 
260 |a Bahía Blanca :  |b Instituto de Matemática, Universidad Nacional del Sur,  |c 1970 [i.e. 1971]. 
300 |a 57 p :  |b il. ;  |c 27 cm. 
490 1 |a Notas de álgebra y análisis,  |x 0078-2009 ;  |v 3 
100 1 |a Bauer, Heinz,  |d 1928- 
710 2 |a Instituto de Matemática. INMABB. UNS. CONICET. 
830 0 |a Notas de álgebra y análisis (Instituto de Matemática, Universidad Nacional del Sur) ;  |v 3. 
650 0 |a Convex sets. 
856 4 1 |u http://inmabb-conicet.gob.ar/publicaciones/naa/naa-3.pdf  |y Texto escaneado (PDF) 
859 |p B-899  |b BIB. MATEMATICA